02264nam a22003497a 4500003000900000008004100009040007100050082002300121110004200144245004600186260005600232300004600288440010000334505105900434650001701493650002001510650002301530650002801553650002801581650002201609650001401631650002601645650002301671650001801694700002901712700003501741700003001776700002901806700002401835700002301859700003201882AR-CdUCM190425b ||||| |||| 00| 0 spa d aMUNICIPALIDAD PROVINCIAL DEL CUSCOcBIBLIOTECA MUNICIPAL DEL CUSCO aRev.IAAC/N°4/1945 aInstituto Americano de Arte del Cuzco aRevista del Instituto Americano de Arte / aCusco :bTalleres gráficos La Económica,c1945. a122 páginas. :bilustraciones ;c24 cm. aRevista del Instituto Americano de Arte Cuzco.nAño IV, 1°y2° semestre de 1945, N°4. Vol.I aContenido: La semana del Cuzco. -- La campana mayor del Cuzco. Jorge Cornejo Bouroncle. -- El Dr. Don Francisco de Miranda y Bengoa y su obra cumbre. Isaías Vargas. -- Los tesoros de la capital arqueológica de América su muy magnífica catedral y su valiosa y recargada custodia de oro y piedras preciosas. Manuel E. Cuadros. -- Arquitectura y simbolismo de la Cruz en el Cuzco. J. Rafael Calderón P. -- Hacia nuestra América. Alfredo Yépez Miranda. -- Folklore Nacional contribución a la bibliografía del folklore peruano. Víctor Navarro del Águila. -- La justicia del Acorasi de las tradiciones del Cuzco. Ángel Carreño. -- Los Anales del Cuzco y su presunto autor don Diego de Esquivel y Navia. Horacio Villanueva U. -- Galería de arte cuzqueño. Julio Gutiérrez. -- Arte popular el Santurantikuy. Julio Gutiérrez. -- Memoria del presidente del IAAC Luis Felipe Paredes año de 1944. -- Itinerario de la canción antología. Luis Nieto. -- Cuaderno de la revista del IAAC. -- Viñetas y xilograbados de Julio Aybar. aArte popular aArte cusqueño aHistoria del Cusco aTradiciones cusqueñas aArquitectura católica aFiestas populares aFolcklore aLiteratura cusqueña aPoetas cusqueños aSanturantikuy aYépez Miranda, Alfredo aNavarro del Águila, Víctor aGutiérrez Loayza, Julio aCornejo Bouroncle, Jorge aNieto Miranda, Luis aCarreño, Ángel aVillanueva Urteaga, Horacio